Tajon, obispo de Zaragoza presenta a Chindasvinto en Toledo el libro de las morales de San Gregorio (Record no. 84545)

MARC details
000 -LEADER
campo de control de longitud fija 01966nkc a2200289za 4500
001 - NÚMERO DE CONTROL
campo de control 84545
005 - FECHA Y HORA DE LA ÚLTIMA TRANSACCIÓN
campo de control 20260423155746.0
007 - CAMPO FIJO DE DESCRIPCIÓN FÍSICA--INFORMACIÓN GENERAL
campo de control de longitud fija kh boc
008 - DATOS DE LONGITUD FIJA--INFORMACIÓN GENERAL
campo de control de longitud fija 250410s1909 sp ||||| ||||||0| i|spa d
040 ## - FUENTE DE CATALOGACIÓN
Centro/agencia transcriptor M-RABA
Centro catalogador/agencia de origen M-RABA
Lengua de catalogación spa
245 00 - MENCIÓN DEL TÍTULO
Título Tajon, obispo de Zaragoza presenta a Chindasvinto en Toledo el libro de las morales de San Gregorio
Medio [Material gráfico]
Mención de responsabilidad, etc. / Luis Manjarrese
246 ## - FORMA VARIANTE DEL TITULO
Título propio/Titulo breve Tajón presenta a Chindasvinto las Morales de San Gregorio
260 ## - PUBLICACIÓN, DISTRIBUCIÓN, ETC.
Nombre del editor, distribuidor, etc. [Hauser y Menet]
Fecha de publicación, distribución, etc. , [ca. 1909]
300 ## - DESCRIPCIÓN FÍSICA
Extensión 1 fotografía
Otras características físicas : gelatina de plata
Dimensiones ; imagen 20 x 12 cm
-- ; soporte secundario 30 x 24 cm
500 ## - NOTA GENERAL
Nota general Fotografía del relieve "Tajón presenta a Chindasvinto las Morales de San Gregorio" de Luis Manjarrese, obteniendo el segundo premio de la segunda clase de la Academia en 1760. Se conserva en el Museo de la Real Academia de Bellas Artes de San Fernando con nº de inventario E-247.<br/>
500 ## - NOTA GENERAL
Nota general Montada sobre un soporte secundario de cartón, con texto manuscrito a lápiz en la parte inferior al recto: "Tajon, obispo de Zaragoza presenta a Chindasvinto en Toledo el libro de las morales de San Gregorio1760-2ª clase-El premio 2º de la 2ª clase se dio por 9 votos contra 3 a Luis Manjarrese, única oposición, por este relieve." Nota manuscrita al verso a lápiz rojo: "1760 2ª clase"
500 ## - NOTA GENERAL
Nota general Fecha probable de la realización de la fotografía realizada por Hauser y Menet.
544 ## - NOTA DE LOCALIZACIÓN DE MATERIALES DE ARCHIVO RELACIONADOS
Depositario(custodio) Archivo de la Real Academia de Bellas Artes de San Fernando (Le-4-29-1)
600 10 - PUNTO DE ACCESO ADICIONAL DE MATERIA--NOMBRE DE PERSONA
Nombre de persona Manjarrese, Luis
9 (RLIN) 111682
610 24 - PUNTO DE ACCESO ADICIONAL DE MATERIA--NOMBRE DE ENTIDAD CORPORATIVA
Nombre de entidad corporativa o nombre de jurisdicción como elemento de entrada Real Academia de Bellas Artes de San Fernando.
9 (RLIN) 75832
651 #7 - PUNTO DE ACCESO ADICIONAL DE MATERIA--NOMBRE GEOGRÁFICO
Nombre geográfico Madrid
Fuente del encabezamiento o término embne
9 (RLIN) 75182
655 #7 - TERMINO DE INDIZACIÓN--GENERO/FORMA
Datos o término principal de género/forma Fotografías de obras de arte
9 (RLIN) 75675
710 2# - ENTRADA AGREGADA--NOMBRE DE ENTIDAD CORPORATIVA
Nombre de entidad corporativa o nombre de jurisdicción como elemento de entrada Hauser y Menet (Madrid)
9 (RLIN) 50978
852 ## - LOCALIZACIÓN
Número de control de estantería Fot-599
856 ## - LOCALIZACIÓN Y ACCESO ELECTRÓNICOS
Materiales especificados Fot-599
Identificador Uniforme de Recurso <a href="https://archivoybiblioteca.realacademiabellasartessanfernando.com/cgi-bin/koha/opac-retrieve-file.pl?id=8781c0d6015905e1819ab4fec1dc2b0a">https://archivoybiblioteca.realacademiabellasartessanfernando.com/cgi-bin/koha/opac-retrieve-file.pl?id=8781c0d6015905e1819ab4fec1dc2b0a</a>
942 ## - ELEMENTOS DE ENTRADA SECUNDARIOS (KOHA)
Fuente de la clasificación o esquema de estantería Clasificación Decimal Dewey
Tipo de ítem Koha Fotografías
Suprimir en OPAC No
Holdings
Estatus retirado Estado de pérdida Fuente de la clasificación o esquema de estantería Estado de daño No para préstamo Colección Biblioteca de origen Biblioteca actual Ubicación en estantería Fecha de adquisición Total de préstamos Signatura topográfica completa Código de barras Visto por última vez Precio de reemplazo Tipo de ítem Koha
    Clasificación Decimal Dewey     Fotografía Real Academia de la Bellas Artes de San Fernando Real Academia de la Bellas Artes de San Fernando Depósito 2 24/04/2025   Fot-599 1095425 24/04/2025 24/04/2025 Fotografías

Powered by Koha